header

Can the poor influence policy? (Record no. 9341)

MARC details
000 -LEADER
fixed length control field 01379nam a22003494a 4500
001 - CONTROL NUMBER
control field ebr10020679
003 - CONTROL NUMBER IDENTIFIER
control field CaPaEBR
006 - FIXED-LENGTH DATA ELEMENTS--ADDITIONAL MATERIAL CHARACTERISTICS--GENERAL INFORMATION
fixed length control field m u
007 - PHYSICAL DESCRIPTION FIXED FIELD--GENERAL INFORMATION
fixed length control field cr cn|||||||||
008 - FIXED-LENGTH DATA ELEMENTS--GENERAL INFORMATION
fixed length control field 010725s2001 dcua sb 000 0 eng
010 ## - LIBRARY OF CONGRESS CONTROL NUMBER
Canceled/invalid LC control number 2001044411
020 ## - INTERNATIONAL STANDARD BOOK NUMBER
Cancelled/invalid ISBN 0821350005 (pbk.)
Cancelled/invalid ISBN 1589060601
040 ## - CATALOGING SOURCE
Original cataloging agency CaPaEBR
Transcribing agency CaPaEBR
035 ## - SYSTEM CONTROL NUMBER
System control number (OCoLC)70737239
050 14 - LIBRARY OF CONGRESS CALL NUMBER
Classification number HC59.72.P6
Item number R6 2001eb
082 04 - DEWEY DECIMAL CLASSIFICATION NUMBER
Classification number 362.5/09172/4
Edition number 21
100 1# - MAIN ENTRY--PERSONAL NAME
Personal name Robb, Caroline M.,
Dates associated with a name 1963-
245 10 - TITLE STATEMENT
Title Can the poor influence policy?
Medium [electronic resource] :
Remainder of title participatory poverty assessments in the developing world /
Statement of responsibility, etc Carolyn M. Robb.
250 ## - EDITION STATEMENT
Edition statement 2nd ed.
260 ## - PUBLICATION, DISTRIBUTION, ETC. (IMPRINT)
Place of publication, distribution, etc Washington, D.C. :
Name of publisher, distributor, etc International Monetary Fund :
-- World Bank,
Date of publication, distribution, etc 2001.
300 ## - PHYSICAL DESCRIPTION
Extent xxxiii, 195 p. :
Other physical details ill.
504 ## - BIBLIOGRAPHY, ETC. NOTE
Bibliography, etc Includes bibliographical references (p. 189-195).
533 ## - REPRODUCTION NOTE
Type of reproduction Electronic reproduction.
Place of reproduction Palo Alto, Calif. :
Agency responsible for reproduction ebrary,
Date of reproduction 2013.
Note about reproduction Available via World Wide Web.
-- Access may be limited to ebrary affiliated libraries.
650 #0 - SUBJECT ADDED ENTRY--TOPICAL TERM
Topical term or geographic name as entry element Poor
General subdivision Research
Geographic subdivision Developing countries.
Topical term or geographic name as entry element Poor
General subdivision Political activity.
Topical term or geographic name as entry element Poverty
General subdivision Research.
Topical term or geographic name as entry element Poor
General subdivision Attitudes.
655 #7 - INDEX TERM--GENRE/FORM
Genre/form data or focus term Electronic books.
Source of term local
710 2# - ADDED ENTRY--CORPORATE NAME
Corporate name or jurisdiction name as entry element ebrary, Inc.
856 40 - ELECTRONIC LOCATION AND ACCESS
Uniform Resource Identifier <a href="http://site.ebrary.com/lib/rucke/Doc?id=10020679">http://site.ebrary.com/lib/rucke/Doc?id=10020679</a>
Public note An electronic book accessible through the World Wide Web; click to view

No items available.

© 2026 Rongo University
Contact us: librarian | system librarian | Rongo university